|
|
|
|
| LEADER |
00746nam a2200181 4500 |
| 008 |
160831b xxu||||| |||| 00| 0 eng d |
| 999 |
|
|
|c 112571
|d 112571
|
| 082 |
|
|
|a 375.37071
|
| 100 |
|
|
|a Ashraf, M
|
| 245 |
|
|
|a Opinion of teacher educators towards newly revised B.Ed curriculum of Calicut university /
|c Ashraf, M
|
| 300 |
|
|
|a 94p.
|c 29cm.
|
| 502 |
|
|
|a Thesis (M Ed.)--Farook Training college,University of Calicut, 2013.
|
| 504 |
|
|
|a Includes bibliographical references (p. 87-94).
|
| 650 |
|
|
|a Education-Study and teaching
|
| 650 |
|
|
|a B Ed Curriculum
|
| 796 |
|
|
|c Dr.
|e Thesis advisor.
|a Mohammed saleem, T
|
| 942 |
|
|
|2 ddc
|c PD
|
| 952 |
|
|
|0 0
|1 0
|4 0
|6 375_370710000000000_ASH_O
|7 0
|9 118769
|a UL
|b UL
|c REF
|d 2016-08-31
|l 0
|o 375.37071 ASH/O
|p NB6575
|r 2016-08-31
|y PD
|